Daňové stimuly a ich vplyv na rozvoj podnikania v Slovenskej republike diplomová práca

Uložené v:
Podrobná bibliografia
Hlavný autor: Somoši, Miroslav
Korporativný autor: Fakulta podnikového manažmentu EU. Katedra podnikových financií
Ďalší autori: Vavrová, Katarína, 1960-
Médium: Kniha
Jazyk:Slovak
Vydavateľské údaje: Bratislava 2021
Tagy: Pridať tag
Žiadne tagy, Buďte prvý, kto otaguje tento záznam!

MARC

LEADER 00000nbm a2200000 4500
001 0275513
005 20211129123831.9
041 0 |a slo 
044 |a SK 
245 1 0 |a Daňové stimuly a ich vplyv na rozvoj podnikania v Slovenskej republike  |b diplomová práca  |c Miroslav Somoši ; školiteľ: Katarína Vavrová 
264 1 |a Bratislava  |c 2021 
300 |a 72 s. 
100 1 |a Somoši, Miroslav 
700 1 |a Vavrová, Katarína, 1960- 
710 2 |a Fakulta podnikového manažmentu EU. Katedra podnikových financií